Statistics for Sadie Sink Filmography

Click here to take the quiz!

General Stats

  • This quiz has been taken 99 times
    (35 since last reset)
  • The average score is 8 of 22

Answer Stats

TypeYearName% Correct
Web Series2017-PresentStranger Things
100%
Film2022The Whale
86%
Short Film2021All Too Well: The Short Film
64%
Film2021Fear Street: Part One - 1994
64%
Film2021Fear Street: Part Three - 1666
64%
Film2021Fear Street: Part Two - 1978
64%
Theater2012-2014Annie
50%
Film2019Eli
50%
Film2022Dear Zoe
43%
Film2017The Glass Castle
36%
TV Show2015American Odyssey
25%
Film2016Chuck
25%
Documentary2018Dominion
18%
FilmTBAO'Dessa
18%
TV Show2013The Americans
18%
Film2023Berlin Nobody
14%
TV Show2014Blue Bloods
7%
Theater2011Irving Berlin's White Christmas
4%
Commercial2018Nike
4%
Theater2015The Audience
4%
Web Series2016Unbreakable Kimmy Schmidt
4%
TV Show2003Tweenies
0%

Score Distribution

Percentile by Number Answered

Percent of People with Each Score

Your Score History

You have not taken this quiz since the last reset